[Event "4NCL 2014-15"]
[Site "Hinckley Island ENG"]
[Date "2015.01.10"]
[Round "3.146"]
[White "Anderton, David W"]
[Black "Palliser, Richard J D"]
[Result "0-1"]
[WhiteTitle "CM"]
[BlackTitle "IM"]
[WhiteElo "2172"]
[BlackElo "2444"]
[WhiteTeam "The AD's"]
[BlackTeam "White Rose 1"]
[WhiteFideId "401668"]
[BlackFideId "407372"]
[EventDate "2014.11.15"]

1. d4 Nf6 2. c4 g6 3. g3 Bg7 4. Bg2 O-O 5. Nc3 d6 6. Nf3 c6 7. O-O Qa5 8. e4 e5
9. d5 cxd5 10. cxd5 b5 11. Re1 Na6 12. a3 b4 13. Na4 Bd7 14. axb4 Qxb4 15. Bd2
Qb7 16. Bc3 Bb5 17. Nd2 Qd7 18. Bf1 Bxf1 19. Nxf1 Nc7 20. Qd3 Nb5 21. Ne3 Rac8
22. Kg2 Nh5 23. Qd1 Qe8 24. Qd3 f5 25. f3 Qd7 26. Rf1 fxe4 27. fxe4 Nd4 28. h3
Rxf1 29. Nxf1 Rf8 30. Nd2 g5 31. b3 g4 32. h4 Nf3 33. Rf1 Nxh4+ 34. gxh4 Nf4+
35. Rxf4 exf4 36. Bxg7 Qxg7 37. Qc3 Qh6 38. e5 f3+ 39. Kf1 Qxh4 40. exd6 Qh1+ 0-1

[Event "4NCL 2014-15"]
[Site "Hinckley Island ENG"]
[Date "2015.01.10"]
[Round "3.147"]
[White "Maroroa, Sue"]
[Black "Bellin, Jana M"]
[Result "1/2-1/2"]
[WhiteTitle "WIM"]
[BlackTitle "WGM"]
[WhiteElo "2096"]
[BlackElo "2090"]
[WhiteTeam "White Rose 1"]
[BlackTeam "The AD's"]
[WhiteFideId "4301498"]
[BlackFideId "402168"]
[EventDate "2014.11.15"]

1. e4 c5 2. Nf3 e6 3. d4 cxd4 4. Nxd4 a6 5. c4 Nf6 6. Nc3 Bb4 7. Qd3 Nc6 8. Nxc6
dxc6 9. Qxd8+ Kxd8 10. e5 Nd7 11. Bf4 Bxc3+ 12. bxc3 b5 13. O-O-O Kc7 14. h4
bxc4 15. Bxc4 a5 16. Rd6 Nb6 17. Bb3 Ba6 18. Be3 a4 19. Bxb6+ Kxb6 20. Bxa4 Bb5
21. Bb3 Ba4 22. Kb2 Bxb3 23. axb3 Ra5 24. Rhd1 Rha8 25. R1d2 Rxe5 26. b4 Re4 27.
g3 Ra7 28. Kb3 f5 29. c4 e5 30. Rd8 Rb7 31. Ra2 Kc7 32. Raa8 f4 33. gxf4 Rxf4
34. h5 Rxf2 35. Rg8 Rf3+ 36. Ka4 Kd6 37. Rge8 Rf1 38. Rad8+ Kc7 39. Rc8+ Kd6 40.
Rcd8+ Kc7 41. Rc8+ Kd7 42. Rcd8+ 1/2-1/2

[Event "4NCL 2014-15"]
[Site "Hinckley Island ENG"]
[Date "2015.01.10"]
[Round "3.148"]
[White "Briggs, John Nicholas"]
[Black "Townsend, M Paul"]
[Result "0-1"]
[WhiteElo "1970"]
[BlackElo "2249"]
[WhiteTeam "The AD's"]
[BlackTeam "White Rose 1"]
[WhiteFideId "427691"]
[BlackFideId "402320"]
[EventDate "2014.11.15"]

1. Nf3 Nf6 2. c4 e6 3. Nc3 d5 4. d4 Bb4 5. cxd5 exd5 6. Bg5 h6 7. Bxf6 Qxf6 8.
Qb3 c5 9. e3 O-O 10. Be2 Nc6 11. O-O c4 12. Qa4 Rd8 13. e4 dxe4 14. Nxe4 Qe7 15.
Ng3 Nxd4 16. Nxd4 Rxd4 17. Rad1 Rxd1 18. Rxd1 Be6 19. a3 Bc5 20. Bxc4 Bxf2+ 21.
Kh1 Qh4 0-1

[Event "4NCL 2014-15"]
[Site "Hinckley Island ENG"]
[Date "2015.01.10"]
[Round "3.151"]
[White "Edouard, Romain"]
[Black "Sanders, Isaac B"]
[Result "1/2-1/2"]
[WhiteTitle "GM"]
[BlackTitle "FM"]
[WhiteElo "2638"]
[BlackElo "2305"]
[WhiteTeam "Guildford 1"]
[BlackTeam "Barbican 4NCL 1"]
[WhiteFideId "633429"]
[BlackFideId "417661"]
[EventDate "2014.11.15"]

1. Nf3 f5 2. g3 Nf6 3. Bg2 c5 4. c4 Nc6 5. d4 cxd4 6. Nxd4 g6 7. Nc3 Bg7 8. O-O
O-O 9. c5 Kh8 10. e3 Qa5 11. Nb3 Qc7 12. e4 Nxe4 13. Nxe4 fxe4 14. Bxe4 d6 15.
Bg2 dxc5 16. Nxc5 Nd4 17. Ne4 Bf5 18. Bf4 Qb6 19. Rb1 Rad8 20. Qe1 Qa6 21. Bg5
Nc2 22. Qc1 Rc8 23. Qd1 Rfd8 24. Qf3 Nd4 25. Qe3 Qe6 26. Rbd1 Nc6 27. b3 b6 28.
Bf4 Nb4 29. Qe2 Nd5 30. Bg5 Nf6 31. Rde1 Bxe4 32. Bxe4 Qe5 33. h4 h6 34. Bxf6
Qxf6 35. Qg4 Rc5 36. Bxg6 Rd4 37. Be4 h5 38. Qe2 Re5 39. f3 Qd6 40. Rc1 Rc5 41.
f4 Rd2 42. Qf3 Qe6 43. f5 Qh6 44. b4 Bd4+ 45. Kh1 Rf2 46. Qd3 Rd2 47. Qb3 Re2
48. Rxc5 bxc5 49. Bf3 Re3 50. Qd5 Qd6 51. Qa8+ Kg7 52. Kg2 Qe5 53. f6+ Qxf6 54.
bxc5 Qe5 55. Qd5 Qxd5 56. Bxd5 Bxc5 57. Rf5 Bd6 58. Rg5+ Kh6 59. Bf3 Re5 60. Rg8
Kh7 61. Rc8 1/2-1/2

[Event "4NCL 2014-15"]
[Site "Hinckley Island ENG"]
[Date "2015.01.10"]
[Round "3.152"]
[White "Buchicchio, Giampaolo"]
[Black "Short, Nigel D"]
[Result "0-1"]
[WhiteTitle "FM"]
[BlackTitle "GM"]
[WhiteElo "2296"]
[BlackElo "2660"]
[WhiteTeam "Barbican 4NCL 2"]
[BlackTeam "Guildford 1"]
[WhiteFideId "811491"]
[BlackFideId "400025"]
[EventDate "2014.11.15"]

1. e4 c6 2. Nc3 d5 3. Nf3 Bg4 4. h3 Bxf3 5. Qxf3 e6 6. Qg3 dxe4 7. Nxe4 Nh6 8.
Qb3 Qc7 9. d4 Nf5 10. Be3 a5 11. a4 Nd7 12. Bc4 Be7 13. O-O O-O 14. Rad1 Nb6 15.
Be2 Rad8 16. Bg4 Nxe3 17. fxe3 Nd5 18. c4 Nb4 19. Bf3 g6 20. Nc3 e5 21. d5 Qb6
22. Rfe1 Nxd5 23. Qxb6 Nxb6 24. b3 Nd7 25. Ne4 f5 26. Nf2 e4 27. Be2 Bb4 28. Rf1
Bc5 0-1

[Event "4NCL 2014-15"]
[Site "Hinckley Island ENG"]
[Date "2015.01.10"]
[Round "3.153"]
[White "Jones, Gawain C B"]
[Black "Dragicevic, Drazen"]
[Result "1-0"]
[WhiteTitle "GM"]
[BlackTitle "FM"]
[WhiteElo "2671"]
[BlackElo "2292"]
[WhiteTeam "Guildford 1"]
[BlackTeam "Barbican 4NCL 2"]
[WhiteFideId "409561"]
[BlackFideId "1707922"]
[EventDate "2014.11.15"]

1. c4 c5 2. g3 Nc6 3. Bg2 g6 4. Nf3 Bg7 5. Nc3 Nh6 6. d4 cxd4 7. Nxd4 Nxd4 8.
Bxh6 Bxh6 9. Qxd4 O-O 10. O-O Bg7 11. Qe3 d6 12. Rfd1 Bxc3 13. bxc3 Qc7 14. Rab1
Qxc4 15. Qxe7 Be6 16. Bxb7 Rae8 17. Qxd6 Qxe2 18. Rd2 Qc4 19. Qd4 Qc7 20. Bg2
Rd8 21. Qe3 Rxd2 22. Qxd2 Rd8 23. Qb2 h5 24. h4 Kh7 25. Bf1 Qa5 26. a3 Qa4 27.
Qc1 a5 28. c4 Rc8 29. c5 Qd4 30. Rb5 Bd5 31. Qe3 Qa1 32. Qd3 Be6 33. Rxa5 Bf5
34. Qe2 Bh3 35. Ra7 Rd8 36. Rxf7+ Kg8 37. Ra7 Bxf1 38. Qe6+ Kh8 39. Qe7 1-0

[Event "4NCL 2014-15"]
[Site "Hinckley Island ENG"]
[Date "2015.01.10"]
[Round "3.154"]
[White "Knott, Simon J B"]
[Black "Maze, Sebastien"]
[Result "0-1"]
[WhiteTitle "IM"]
[BlackTitle "GM"]
[WhiteElo "2316"]
[BlackElo "2562"]
[WhiteTeam "Barbican 4NCL 1"]
[BlackTeam "Guildford 1"]
[WhiteFideId "400645"]
[BlackFideId "613762"]
[EventDate "2014.11.15"]

1. Nf3 Nf6 2. c4 g6 3. Nc3 Bg7 4. e4 O-O 5. d4 d6 6. Be2 Nbd7 7. O-O e5 8. Be3
Qe7 9. Qc2 c6 10. d5 c5 11. Bg5 h6 12. Bh4 g5 13. Bg3 Nh5 14. Nd2 Nf4 15. Bg4 h5
16. Bf5 h4 17. Bxf4 exf4 18. h3 Ne5 19. f3 Bd7 20. a4 a6 21. Kh2 Rfb8 22. Ra3
Be8 23. Rfa1 b6 24. Rb3 Ra7 25. Raa3 Rab7 26. Ra2 Qd8 27. Kh1 Nd7 28. Nf1 Ne5
29. Qe2 b5 30. cxb5 c4 31. Rba3 axb5 32. axb5 Nd3 33. e5 Nc1 34. Qxc4 Nxa2 35.
Rxa2 Bxe5 36. Bc2 Bxb5 37. Nxb5 Rxb5 38. b3 Ra5 39. Ra4 Rxa4 40. bxa4 Kf8 41.
Qe4 Rb2 42. Bd3 Ra2 43. Bb5 Qc8 44. Qh7 Bf6 45. Qh6+ Ke7 46. Qh5 Ra1 47. Qh7 Re1
48. Kh2 Ra1 49. Kh1 Ra2 50. Qh5 Qf5 51. Qg4 Qxg4 0-1

[Event "4NCL 2014-15"]
[Site "Hinckley Island ENG"]
[Date "2015.01.10"]
[Round "3.155"]
[White "Pert, Nicholas"]
[Black "Navarro Cia, Miguel"]
[Result "1-0"]
[WhiteTitle "GM"]
[BlackTitle "FM"]
[WhiteElo "2562"]
[BlackElo "2270"]
[WhiteTeam "Guildford 1"]
[BlackTeam "Barbican 4NCL 2"]
[WhiteFideId "403989"]
[BlackFideId "2221497"]
[EventDate "2014.11.15"]

1. d4 Nf6 2. Nf3 g6 3. c4 Bg7 4. g3 d5 5. cxd5 Nxd5 6. Bg2 Nb6 7. Nc3 Nc6 8. e3
O-O 9. O-O Re8 10. Nh4 e5 11. d5 Na5 12. Rb1 e4 13. Nxe4 Nxd5 14. Qa4 b6 15. Rd1
Bd7 16. Qc2 Nb4 17. Qe2 Bb5 18. Rxd8 Bxe2 19. Rxa8 Rxa8 20. Bd2 Nd5 21. Re1 Bd3
22. Bxa5 bxa5 23. Nc5 1-0

[Event "4NCL 2014-15"]
[Site "Hinckley Island ENG"]
[Date "2015.01.10"]
[Round "3.156"]
[White "Sands, David A"]
[Black "Suarez Real, Alberto"]
[Result "1/2-1/2"]
[BlackTitle "IM"]
[WhiteElo "2192"]
[BlackElo "2403"]
[WhiteTeam "Barbican 4NCL 2"]
[BlackTeam "Guildford 1"]
[WhiteFideId "402060"]
[BlackFideId "2218534"]
[EventDate "2014.11.15"]

1. d4 Nf6 2. c4 g6 3. Nc3 Bg7 4. e4 O-O 5. Be2 d6 6. Bg5 Na6 7. f4 c5 8. d5 Qa5
9. Qd2 e6 10. Nf3 exd5 11. cxd5 Bg4 12. O-O Rfe8 13. e5 Nd7 1/2-1/2

[Event "4NCL 2014-15"]
[Site "Hinckley Island ENG"]
[Date "2015.01.10"]
[Round "3.158"]
[White "Bhatia, Kanwal K"]
[Black "Hebden, Mark L"]
[Result "0-1"]
[WhiteTitle "WFM"]
[BlackTitle "GM"]
[WhiteElo "2028"]
[BlackElo "2498"]
[WhiteTeam "Barbican 4NCL 1"]
[BlackTeam "Guildford 2"]
[WhiteFideId "407496"]
[BlackFideId "400084"]
[EventDate "2014.11.15"]

1. e4 e5 2. Nf3 Nc6 3. Bc4 Nf6 4. Ng5 d5 5. exd5 Na5 6. Bb5+ c6 7. dxc6 bxc6 8.
Bd3 Nd5 9. Ne4 Nf4 10. O-O Nxd3 11. cxd3 Be7 12. Nbc3 O-O 13. Re1 Rb8 14. Qf3
Rb4 15. b3 Rd4 16. Qh5 f5 17. Ng3 Rg4 18. Nxf5 Bxf5 19. Rxe5 g6 20. Qh3 Bd6 21.
Rxf5 gxf5 22. g3 Nb7 23. Bb2 Nc5 24. Qf1 f4 25. h3 fxg3 26. hxg4 gxf2+ 27. Kg2
Qh4 0-1

[Event "4NCL 2014-15"]
[Site "Hinckley Island ENG"]
[Date "2015.01.10"]
[Round "3.161"]
[White "Lyell, Mark"]
[Black "Ghasi, Ameet K"]
[Result "1/2-1/2"]
[WhiteTitle "FM"]
[BlackTitle "IM"]
[WhiteElo "2256"]
[BlackElo "2471"]
[WhiteTeam "Hackney 1"]
[BlackTeam "Grantham Sharks 1"]
[WhiteFideId "402354"]
[BlackFideId "409200"]
[EventDate "2014.11.15"]

1. e4 g6 2. d4 d6 3. Nc3 Bg7 4. Be3 c6 5. f4 b5 6. Bd3 e5 7. Nf3 exd4 8. Bxd4
Nf6 9. a3 O-O 10. O-O Bb7 11. Qd2 Nbd7 12. Rae1 Re8 13. e5 Nh5 14. exd6 Bxd4+
15. Nxd4 Qf6 16. Be2 Qxd6 17. Bxh5 gxh5 18. Qf2 Kh8 19. Nf5 Qf6 20. Ng3 c5 21.
Nxh5 Qc6 22. Rxe8+ Rxe8 23. Rd1 Rg8 24. Nd5 Nb6 25. Nhf6 Nxd5 26. Nxd5 Rd8 27.
Ne3 Re8 1/2-1/2

[Event "4NCL 2014-15"]
[Site "Hinckley Island ENG"]
[Date "2015.01.10"]
[Round "3.162"]
[White "Roberson, Peter T"]
[Black "Reid, John"]
[Result "1/2-1/2"]
[WhiteTitle "IM"]
[WhiteElo "2406"]
[BlackElo "2178"]
[WhiteTeam "Grantham Sharks 1"]
[BlackTeam "Hackney 1"]
[WhiteFideId "412384"]
[BlackFideId "418927"]
[EventDate "2014.11.15"]

1. e4 c5 2. c3 d6 3. d4 Nf6 4. Bd3 g6 5. dxc5 dxc5 6. e5 Nh5 7. Qe2 Nc6 8. Na3
Qc7 9. f4 Bh6 10. Qf3 Ng7 11. Ne2 Bd7 12. O-O O-O-O 13. b4 f6 14. exf6 exf6 15.
Nb5 Qb8 16. bxc5 Nf5 17. Bxf5 Bxf5 18. Nd6+ Rxd6 19. cxd6 Qxd6 20. Nd4 Nxd4 21.
cxd4 Re8 22. Qc3+ Kb8 23. Ba3 Qd7 24. Rae1 Be4 25. Bc5 f5 26. Qb4 Re6 27. Bf8
Rb6 28. Qc5 Rb5 29. Qd6+ Qxd6 30. Bxd6+ Kc8 31. Rc1+ Kd7 32. Bb8 Bc6 33. d5 Rxd5
34. Bxa7 Ra5 35. Rcd1+ Ke6 36. Bb8 Rxa2 37. Rf2 Ra4 38. Re2+ Be4 39. Rd8 Bg7 40.
Be5 Bxe5 41. Re8+ Kf6 42. fxe5+ Kf7 43. Rc8 Ke6 44. Re8+ Kf7 45. Rh8 h5 46. h4
f4 47. Rf2 Ke6 48. Re8+ Kf7 49. Rb8 Ke6 50. Rxf4 Kxe5 51. Rf2 1/2-1/2

[Event "4NCL 2014-15"]
[Site "Hinckley Island ENG"]
[Date "2015.01.10"]
[Round "3.163"]
[White "Eames, Robert S"]
[Black "Batchelor, Peter J"]
[Result "1/2-1/2"]
[WhiteTitle "FM"]
[WhiteElo "2237"]
[BlackElo "2312"]
[WhiteTeam "Hackney 1"]
[BlackTeam "Grantham Sharks 1"]
[WhiteFideId "408743"]
[BlackFideId "424854"]
[EventDate "2014.11.15"]

1. e4 c6 2. d4 d5 3. Nd2 dxe4 4. Nxe4 Bf5 5. Ng3 Bg6 6. h4 h6 7. Nf3 Nd7 8. h5
Bh7 9. Bd3 Bxd3 10. Qxd3 e6 11. Bd2 Ngf6 12. O-O-O Be7 13. Kb1 O-O 14. Ne4 c5
15. g4 cxd4 16. g5 Nxe4 17. Qxe4 hxg5 18. h6 g6 19. h7+ Kh8 20. Qxd4+ Bf6 21.
Qb4 Qb6 22. Qxb6 Nxb6 23. Bxg5 Bg7 24. Be7 Rfe8 25. Bc5 Rad8 26. Ng5 Rxd1+ 27.
Rxd1 f6 28. Nf7+ Kxh7 29. Bxb6 axb6 30. Rd7 Bf8 31. Nd8+ Kg8 32. Nxb7 Re7 33.
Rxe7 Bxe7 34. c4 Kf8 35. a4 Ke8 36. a5 bxa5 37. Nxa5 g5 38. f3 f5 39. Kc2 Kd7
40. Kd3 e5 41. Nb3 Kc6 42. Na1 g4 43. fxg4 e4+ 44. Ke3 Bg5+ 45. Kd4 Bf6+ 46. Ke3
Bg5+ 47. Kd4 Bf6+ 48. Ke3 1/2-1/2

[Event "4NCL 2014-15"]
[Site "Hinckley Island ENG"]
[Date "2015.01.10"]
[Round "3.164"]
[White "Rendle, Thomas E"]
[Black "Cenal Gutierrez, Ruben"]
[Result "1-0"]
[WhiteTitle "IM"]
[BlackTitle "FM"]
[WhiteElo "2378"]
[BlackElo "2216"]
[WhiteTeam "Grantham Sharks 1"]
[BlackTeam "Hackney 1"]
[WhiteFideId "408760"]
[BlackFideId "2211750"]
[EventDate "2014.11.15"]

1. e4 d6 2. d4 Nf6 3. Nc3 g6 4. Bg5 Bg7 5. Qd2 O-O 6. O-O-O c6 7. h4 b5 8. f3 h5
9. Bh6 Qa5 10. Kb1 e5 11. Bxg7 Kxg7 12. Nh3 Nbd7 13. Ng5 Re8 14. g4 Bb7 15. gxh5
Nxh5 16. dxe5 b4 17. Ne2 Nxe5 18. f4 Ng4 19. Rg1 Ngf6 20. Bg2 Rad8 21. Bf3 Rh8
22. f5 Qe5 23. Qxb4 Ba6 24. Nd4 Rb8 25. Qa3 Rb6 26. fxg6 fxg6 27. Nde6+ Kg8 28.
Rxd6 Rxb2+ 29. Qxb2 Qxd6 30. Rd1 Qe7 31. Rd8+ Ne8 32. Bxh5 1-0

[Event "4NCL 2014-15"]
[Site "Hinckley Island ENG"]
[Date "2015.01.10"]
[Round "3.165"]
[White "Mackle, Dominic"]
[Black "Sreeves, Clement"]
[Result "0-1"]
[WhiteElo "2267"]
[BlackElo "2291"]
[WhiteTeam "Hackney 1"]
[BlackTeam "Grantham Sharks 1"]
[WhiteFideId "419478"]
[BlackFideId "2402564"]
[EventDate "2014.11.15"]

1. d4 Nf6 2. Nf3 g6 3. c4 Bg7 4. Nc3 d5 5. cxd5 Nxd5 6. e4 Nxc3 7. bxc3 c5 8.
Be3 O-O 9. Qd2 cxd4 10. cxd4 Nc6 11. h4 Bg4 12. Nh2 Be6 13. Rd1 Qa5 14. Qxa5
Nxa5 15. d5 Bd7 16. Bd2 b6 17. Ba6 f5 18. f3 fxe4 19. fxe4 e6 20. Nf3 exd5 21.
Bxa5 bxa5 22. Bb7 Bc3+ 23. Kf2 Rab8 24. Bxd5+ Kg7 25. Bb3 Bb5 26. Kg3 a4 27. Bd5
Be2 28. Rc1 Rfc8 29. Be6 Rc5 30. Bd5 Rb2 31. Kh3 h5 32. Kg3 a3 33. Kf4 Rc8 34.
Kg3 a5 35. Rhg1 Rc5 36. Rh1 Kf6 37. Kf4 Bb5 38. Kg3 Be2 39. Kf4 Bb5 40. Kg3 Bb4
41. Rxc5 Bxc5 42. Ng5 Bd6+ 43. Kf3 Rc2 44. Re1 Rc3+ 45. Re3 Rxe3+ 46. Kxe3 Bg3
47. Nf3 Bf1 48. Nd2 Ba6 49. Nc4 Bxh4 50. Nxa5 Be1 51. Nc4 Bb4 52. Kd4 g5 53. e5+
Kf5 54. Ne3+ Kg6 55. Ke4 g4 56. Nc4 Kg5 57. Ne3 Bc8 58. Nc4 Bf5+ 59. Kd4 h4 60.
Nd6 Bb1 61. Ne4+ Kf4 62. e6 Bf8 63. Nd2 Bg6 64. Nc4 h3 65. gxh3 gxh3 66. Nb6 h2
67. Nd7 Be7 68. Nb8 Bf5 69. Nc6 Bf6+ 70. Kc5 Be4 71. e7 Bxe7+ 0-1

[Event "4NCL 2014-15"]
[Site "Hinckley Island ENG"]
[Date "2015.01.10"]
[Round "3.166"]
[White "Foisor, Mihaela-Veronica"]
[Black "Walker, Nicholas P"]
[Result "1-0"]
[WhiteTitle "WIM"]
[WhiteElo "2250"]
[BlackElo "2170"]
[WhiteTeam "Grantham Sharks 1"]
[BlackTeam "Hackney 1"]
[WhiteFideId "2270757"]
[BlackFideId "421901"]
[EventDate "2014.11.15"]

1. d4 Nf6 2. c4 e6 3. Nc3 d5 4. cxd5 exd5 5. Bf4 c6 6. e3 Bd6 7. Bg5 Be7 8. Qc2
Ne4 9. Bxe7 Qxe7 10. Nxd5 cxd5 11. Qxc8+ Qd8 12. Bb5+ Nc6 13. Bxc6+ bxc6 14.
Qxc6+ Kf8 15. Nf3 Qa5+ 16. Ke2 Rb8 17. Rhb1 h5 18. b4 Qd8 19. Rc1 Rh6 20. Qa4
Rf6 21. Rc2 Kg8 22. Rac1 Kh7 23. h4 a6 24. a3 Rb5 25. Rc6 Rb6 26. Rc8 Qe7 27.
Re8 Qb7 28. Rcc8 Rbe6 29. Ng5+ Nxg5 30. hxg5 Rf5 31. Rxe6 Qxc8 32. Rc6 Qd8 33.
f4 Qe7 34. Qc2 g6 35. g3 Qb7 36. Qc5 Qd7 37. a4 Qe8 38. Qc2 h4 39. Kf3 hxg3 40.
Rc3 Kg7 41. Kxg3 Qb8 42. Rc8 Qxb4 43. Qc1 Qe7 44. a5 Qb4 45. Qh1 1-0

[Event "4NCL 2014-15"]
[Site "Hinckley Island ENG"]
[Date "2015.01.10"]
[Round "3.167"]
[White "Ociepka, Adrian"]
[Black "Williams, Samuel G"]
[Result "0-1"]
[WhiteElo "2124"]
[BlackElo "2263"]
[WhiteTeam "Hackney 1"]
[BlackTeam "Grantham Sharks 1"]
[WhiteFideId "1141937"]
[BlackFideId "410977"]
[EventDate "2014.11.15"]

1. d4 Nf6 2. c4 g6 3. Nc3 d5 4. Bg5 Ne4 5. Bh4 Nxc3 6. bxc3 dxc4 7. e3 Bg7 8.
Bxc4 c5 9. Nf3 cxd4 10. cxd4 Qa5+ 11. Nd2 Nc6 12. O-O O-O 13. Rb1 e6 14. Ne4 a6
15. Qe2 h6 16. Rfc1 Kh8 17. f4 Ra7 18. Kh1 b5 19. Bb3 Bb7 20. Nd6 Ba8 21. Rc5
Qb6 22. Rbc1 Nxd4 23. Nxf7+ Raxf7 24. exd4 Rxf4 25. Bg3 Re4 26. Qc2 Rxd4 27. h3
Qb7 28. Rc7 Qe4 29. Qxe4 Rxe4 30. Rc8 Re2 31. Bd6 Bxg2+ 0-1

[Event "4NCL 2014-15"]
[Site "Hinckley Island ENG"]
[Date "2015.01.10"]
[Round "3.168"]
[White "Prior, Stephen C V"]
[Black "York-Andersen, Anna"]
[Result "1-0"]
[WhiteElo "2028"]
[BlackElo "1806"]
[WhiteTeam "Grantham Sharks 1"]
[BlackTeam "Hackney 1"]
[WhiteFideId "423378"]
[BlackFideId "416789"]
[EventDate "2014.11.15"]

1. e4 c6 2. d4 d5 3. e5 c5 4. dxc5 Nc6 5. Bb5 e6 6. Nf3 Bxc5 7. O-O Ne7 8. b3
O-O 9. Bb2 a6 10. Bd3 h6 11. Nc3 Qc7 12. Re1 b5 13. a3 Bb7 14. Ne2 Rfd8 15. Ned4
Nxd4 16. Nxd4 Nc6 17. Nxc6 Qxc6 18. Qg4 Kh8 19. Bc1 Qc7 20. Qh5 Bf8 21. Bd2 d4
22. f4 g6 23. Qh4 Qe7 24. Qh3 Kh7 25. g4 Bg7 26. f5 exf5 27. gxf5 Bxe5 28. Qxh6+
Kg8 29. fxg6 fxg6 30. Qxg6+ Qg7 31. Rxe5 Qxg6+ 32. Bxg6 Kg7 33. Bd3 Kf6 34. Rf5+
Ke6 35. Re1+ Kd6 36. Rf6+ Kd7 37. Bf5+ Kc7 38. Bf4+ 1-0

[Event "4NCL 2014-15"]
[Site "Hinckley Island ENG"]
[Date "2015.01.10"]
[Round "3.171"]
[White "Conquest, Stuart C"]
[Black "Zakarian, David"]
[Result "1-0"]
[WhiteTitle "GM"]
[BlackTitle "FM"]
[WhiteElo "2491"]
[BlackElo "2394"]
[WhiteTeam "e2e4.org.uk 1"]
[BlackTeam "Oxford 1"]
[WhiteFideId "400181"]
[BlackFideId "13301276"]
[EventDate "2014.11.15"]

1. d4 Nf6 2. c4 e6 3. Nc3 Bb4 4. e3 O-O 5. Ne2 d5 6. a3 Be7 7. cxd5 exd5 8. g3
c6 9. Qc2 Bg4 10. Bg2 Qc8 11. Nf4 Bf5 12. Qe2 Re8 13. Bd2 Bd6 14. Rc1 Bxf4 15.
gxf4 Qe6 16. f3 Nbd7 17. O-O Nb6 18. Rce1 Qd6 19. Kh1 Nh5 20. Qf2 Bd3 21. Rg1
Nc4 22. Bc1 Rad8 23. Bh3 Na5 24. Rd1 Bc4 25. Qh4 Nf6 26. f5 Kh8 27. b4 Nb3 28.
Bb2 h6 29. Rde1 Kh7 30. Rg2 Rg8 31. Qf2 Rde8 32. Rgg1 b5 33. Qc2 Kh8 34. Nd1 Nh5
35. Nf2 Qf6 36. Bc3 g6 37. Bg4 Ng7 38. fxg6 fxg6 39. f4 Kh7 40. Bd7 Re7 41. Ng4
Qf7 42. Ne5 Rxe5 43. fxe5 Rf8 44. Bg4 a6 45. Bd1 Ne6 46. h4 Nc1 47. h5 Kh8 48.
Qxg6 Ng5 49. Rxg5 hxg5 50. Qh6+ Kg8 51. Rg1 Qg7 52. Rxg5 Rf1+ 53. Kg2 Rf7 54. e6
Qxg5+ 55. Qxg5+ Rg7 56. Qxg7+ 1-0

[Event "4NCL 2014-15"]
[Site "Hinckley Island ENG"]
[Date "2015.01.10"]
[Round "3.172"]
[White "Harvey, Marcus R"]
[Black "Fernandez, Daniel Howard"]
[Result "0-1"]
[WhiteTitle "FM"]
[BlackTitle "IM"]
[WhiteElo "2322"]
[BlackElo "2453"]
[WhiteTeam "Oxford 1"]
[BlackTeam "e2e4.org.uk 1"]
[WhiteFideId "400092"]
[BlackFideId "5801605"]
[EventDate "2014.11.15"]

1. g3 g6 2. Bg2 Bg7 3. d4 a5 4. Na3 e5 5. dxe5 Bxe5 6. h4 h6 7. Nc4 Bg7 8. Bf4
Nc6 9. Qd2 Nge7 10. O-O-O d6 11. Ne3 Be6 12. a3 b5 13. Nd5 Ra6 14. e4 Ne5 15.
Bxe5 Bxe5 16. f4 Bg7 17. Bh3 O-O 18. h5 b4 19. Qd3 Bxd5 20. exd5 Rb6 21. axb4
axb4 22. Nf3 Qa8 23. hxg6 Nxg6 24. Be6 fxe6 25. Qxg6 Rf6 26. Qe4 Qa1+ 27. Kd2
Qxb2 28. dxe6 d5 29. Qd4 Rfxe6 30. Qxb2 Bxb2 31. Rh5 Rbd6 32. Nh4 Bc3+ 33. Kd3
c5 0-1

[Event "4NCL 2014-15"]
[Site "Hinckley Island ENG"]
[Date "2015.01.10"]
[Round "3.173"]
[White "Sowray, Peter J"]
[Black "Rose, Matthew"]
[Result "1-0"]
[WhiteTitle "FM"]
[WhiteElo "2308"]
[BlackElo "2309"]
[WhiteTeam "e2e4.org.uk 1"]
[BlackTeam "Oxford 1"]
[WhiteFideId "400971"]
[BlackFideId "407941"]
[EventDate "2014.11.15"]

1. d4 d6 2. e4 g6 3. c4 Bg7 4. Nc3 Nd7 5. Be3 b6 6. f3 e6 7. Bd3 Ne7 8. Nge2 h6
9. O-O O-O 10. Qd2 Kh7 11. Ng3 e5 12. d5 Nc5 13. Bc2 f5 14. exf5 Nxf5 15. Nxf5
Bxf5 16. b4 Nd7 17. Ne4 a5 18. a3 Nf6 19. Kh1 Bxe4 20. fxe4 Ng4 21. Bg1 Qh4 22.
g3 Qh3 23. Rxf8 Bxf8 24. Qc3 Be7 25. Qf3 Kg7 26. Rb1 axb4 27. axb4 h5 28. Bb3
Ra3 29. Qg2 Qxg2+ 30. Kxg2 Nf6 31. Kf3 g5 32. Ke3 g4 33. Kd3 Nh7 34. Be3 Bg5 35.
Bf2 Nf6 36. c5 bxc5 37. bxc5 Kf7 38. cxd6 cxd6 39. Be1 Ra6 40. Bb4 h4 41. gxh4
Bf4 42. Bd1 Rb6 43. Rb2 Bxh2 44. Kc4 Bf4 45. Ra2 Nxe4 46. Bxg4 Nf6 47. Be6+ Kg6
48. Ra8 e4 49. Bc3 Rb1 50. Bxf6 e3 51. Bc3 e2 52. Rg8+ Kh6 53. Bf5 1-0

[Event "4NCL 2014-15"]
[Site "Hinckley Island ENG"]
[Date "2015.01.10"]
[Round "3.174"]
[White "Tan, Justin2"]
[Black "Rudd, Jack"]
[Result "1-0"]
[WhiteTitle "FM"]
[BlackTitle "IM"]
[WhiteElo "2366"]
[BlackElo "2247"]
[WhiteTeam "Oxford 1"]
[BlackTeam "e2e4.org.uk 1"]
[WhiteFideId "3206882"]
[BlackFideId "405736"]
[EventDate "2014.11.15"]

1. e4 e5 2. Nf3 Nc6 3. Bb5 Nf6 4. O-O Nxe4 5. d4 Nd6 6. Bxc6 dxc6 7. dxe5 Nf5 8.
Qxd8+ Kxd8 9. Nc3 Bb4 10. Ne2 Be6 11. Nf4 Bc4 12. Rd1+ Ke7 13. g4 Nh6 14. h3
Rhd8 15. Be3 Rxd1+ 16. Rxd1 Rd8 17. Rxd8 Kxd8 18. b3 Ba6 19. Nh5 Ng8 20. Nxg7
Be2 21. Ng5 Bc3 22. Nf5 h5 23. Bd4 Bd2 24. Ne4 Bf4 25. Neg3 Bxg3 26. Nxg3 Bd1
27. Nxh5 Bxc2 28. b4 Ne7 29. f4 Nd5 30. a3 1-0